000 01294cam a22003857a 4500
003 CHAP
005 20220817041002.0
008 971013s1991 it a r 00010 eng d
010 _a3978
011 _a4950
020 _a9251028087
035 _a4155
040 _cCHAP
082 _a636.08
_bF3y v.83
110 _aFAO
245 1 0 _aTraining manual on artificial insemination in sheep and goats
_c/by p. Chemineau
260 _aRome :
_bFAO,
_c1991
300 _a222 p.
_b: ilus. gráfs
490 0 _aFAO. Producción y sanidad animal
_v; 83
590 _aBATCH-UPD
_b10
_c20130110
_lUCH01
_h0112
590 _aBATCH-UPD
_b10
_c20130110
_lUCH01
_h1658
590 _aBATCH-UPD
_b10
_c20130410
_lUCH01
_h1047
590 _aBATCH-UPD
_b10
_c20130914
_lUCH01
_h0920
590 _aCONVERSION
_b10
_c20130109
_lUCH01
_h1303
650 1 4 _aGanado cabrío
_xFecundidad.
_945011
650 1 4 _aGanado cabrío
_xReproducción.
_945043
650 1 4 _aGanado lanar
_xFecundidad.
_945181
650 1 4 _aGanado lanar
_xReproducción.
_945220
650 1 4 _aInseminación artificial.
_958964
700 0 _aChemineau, P.
_922118
830 0 _aFAO. Producción y sanidad animal
_v; 83
_939655
901 _aBK
942 _cLIBRO
949 _a636.08 F3y v.83
_bBC
_cFAO
_d33724002128611
_eFAO1
_gDonaciØn
_h79659
_i4155
_sb
999 _c3978
_d3978